Current scientific research collection of scientific articles : international scientific and practical conference : [27.1.2017, Montreal, Canada]
Guardado en:
| Autores Corporativos: | , , , |
|---|---|
| Otros Autores: | , , |
| Formato: | Libro |
| Lenguaje: | inglés |
| Publicado: |
Montreal
Publishing house BREEZE
2017
|
| Edición: | 1st ed. |
| Materias: | |
| Etiquetas: |
Sin Etiquetas, Sea el primero en etiquetar este registro!
|
MARC
| LEADER | 00000nlm a2200000 4500 | ||
|---|---|---|---|
| 001 | 0229292 | ||
| 005 | 20240104131519.0 | ||
| 020 | |a 978-617-7214-49-5 | ||
| 041 | 0 | |a eng | |
| 044 | |a CA | ||
| 245 | 1 | 0 | |a Current scientific research |b collection of scientific articles : international scientific and practical conference : [27.1.2017, Montreal, Canada] |c science editor: S. I. Drobyazko ; reviewers: Sven-Olof Collin, Cathy A. Enz |
| 250 | |a 1st ed. | ||
| 264 | 1 | |a Montreal |b Publishing house BREEZE |c 2017 | |
| 300 | |a online [248 s.] | ||
| 610 | 2 | 0 | |a hospodárstvo národné |
| 610 | 2 | 0 | |a manažment |
| 610 | 2 | 0 | |a hospodárstvo svetové |
| 610 | 2 | 0 | |a hospodárstvo podnikové |
| 610 | 2 | 0 | |a riadenie podnikové |
| 610 | 2 | 0 | |a sily výrobné |
| 610 | 2 | 0 | |a ekonomika regionálna |
| 610 | 2 | 0 | |a peniaze |
| 610 | 2 | 0 | |a financie |
| 610 | 2 | 0 | |a úver |
| 610 | 2 | 0 | |a účtovníctvo |
| 610 | 2 | 0 | |a audit |
| 610 | 2 | 0 | |a dane |
| 610 | 2 | 0 | |a metódy matematické |
| 610 | 2 | 0 | |a správa verejná |
| 610 | 2 | 0 | |a samospráva |
| 610 | 2 | 0 | |a správa štátna |
| 610 | 2 | 0 | |a právo |
| 610 | 2 | 0 | |a ruch cestovný |
| 610 | 2 | 0 | |a marketing |
| 610 | 2 | 0 | |a psychológia |
| 610 | 2 | 0 | |a pedagogika |
| 610 | 2 | 0 | |a vzdelávanie |
| 700 | 1 | |a Drobyazko, S. I. | |
| 700 | 1 | |a Collin, Sven-Olof | |
| 700 | 1 | |a Enz, Cathy A. | |
| 110 | 2 | |a Current scientific research. International scientific and practical conference | |
| 710 | 2 | |a Žilinská univerzita v Žiline | |
| 710 | 2 | |a Agraren universitet | |
| 710 | 2 | |a Uniwersytet Ekonomiczny w Krakowie | |